Budget, Haryana, 1973-74 (Record no. 508874)

000 -LEADER
fixed length control field 00293nam a2200109 4500
082 ## - DEWEY DECIMAL CLASSIFICATION NUMBER
Classification number L1x5432 1973-74
100 ## - MAIN ENTRY--PERSONAL NAME
Personal name India. Finance Department
9 (RLIN) 1479
245 ## - TITLE STATEMENT
Title Budget, Haryana, 1973-74
Statement of responsibility, etc by Finance Department
260 ## - PUBLICATION, DISTRIBUTION, ETC. (IMPRINT)
Place of publication, distribution, etc Chandigarh
Name of publisher, distributor, etc Government Press
Date of publication, distribution, etc 1974
300 ## - PHYSICAL DESCRIPTION
Extent v.p.
942 ## - ADDED ENTRY ELEMENTS (KOHA)
Source of classification or shelving scheme
Holdings
Withdrawn status Lost status Source of classification or shelving scheme Damaged status Koha normalized classification for sorting Not for loan Permanent location Current location Date acquired Full call number Barcode Date last seen Price effective from Koha item type
        L_1X5432_197374   Indian Institute of Public Administration Indian Institute of Public Administration 2019-04-15 L1x5432 1973-74 GG34065 2019-04-15 2019-04-15 GG

Powered by Koha